[Event "aston294 tour"]
[Site "SchemingMind.com"]
[Date "2009.11.24"]
[Round "-"]
[White "memet"]
[Black "spoke"]
[Result "0-1"]
[WhiteCountry "TUR"]
[BlackCountry "GER"]
[WhiteElo "1624"]
[WhiteRD "78"]
[BlackElo "1796"]
[BlackRD "59"]
[GameID "228019"]

1. e4 e5 2. Nf3 Nc6 3. Bc4 Nf6 4. Ng5 d5 5. exd5 Na5 6. Bb5+ c6 7. dxc6 bxc6 8. Be2 h6 9. Nf3 e4 10. Ng1 Bc5
11. c3 Qb6 12. d4 exd3 13. Qxd3 Bxf2+ 14. Kf1 O-O 15. Nh3 Bxh3 16. Qxh3 Rfe8 17. Bxh6 Rxe2 18. Kxe2 Re8+ 19. Kd1 Qxb2 20. Qf3 Qxa1
21. Kc2 Qxa2+ 22. Kd3 gxh6 23. Nd2 Re3+ 24. Qxe3 Bxe3 25. Kxe3 Nd5+
0-1

[Event "aston294 tour"]
[Site "SchemingMind.com"]
[Date "2009.12.24"]
[Round "-"]
[White "xuricat"]
[Black "Schaakmaatje"]
[Result "1-0"]
[WhiteCountry "ESP"]
[BlackCountry "NED"]
[WhiteElo "1929"]
[WhiteRD "98"]
[BlackElo "1676"]
[BlackRD "50"]
[GameID "231699"]

1. e4 e5 2. Nf3 Nc6 3. Bb5 a6 4. Ba4 Nf6 5. O-O b5 6. Bb3 Be7 7. Re1 O-O 8. c3 Bb7 9. d4 d6 10. Nbd2 h6
11. Nf1 exd4 12. cxd4 Na5 13. Bc2 Re8 14. Ng3 Bf8 15. b3 c5 16. d5 Bc8 17. h3 Nb7 18. Qd3 Qc7 19. Nd2 c4 20. bxc4 Nc5
21. Qe3 Bb7 22. Bb2 Nh7 23. cxb5 axb5 24. Rec1 Bxd5 25. Bb3 Be6 26. f4 Qb7 27. Qd4 Bxb3 28. axb3 Rxa1 29. Rxa1 Nf6 30. e5 dxe5
31. fxe5 Nfd7 32. Nf3 Ne6 33. Qg4 Qd5 34. Nf5 Kh7 35. Ng3 Nec5 36. b4 Nd3 37. Rd1 N3xe5 38. Rxd5 Nxg4 39. Rxd7
1-0

[Event "aston294 tour"]
[Site "SchemingMind.com"]
[Date "2009.12.24"]
[Round "-"]
[White "Schaakmaatje"]
[Black "xuricat"]
[Result "0-1"]
[WhiteCountry "NED"]
[BlackCountry "ESP"]
[WhiteElo "1676"]
[WhiteRD "50"]
[BlackElo "1929"]
[BlackRD "98"]
[GameID "231702"]

1. d4 Nf6 2. c4 e6 3. Nc3 Bb4 4. Qc2 c5 5. Nf3 O-O 6. e3 d5 7. Bd2 Nc6 8. a3 Bxc3 9. Bxc3 Ne4 10. cxd5 exd5
11. dxc5 Nxc3 12. Qxc3 Bf5 13. Be2 Rc8 14. O-O Qe7 15. b4 a6 16. Rad1 Rfd8 17. Nd4 Bg6 18. Bf3 Ne5 19. h3 Nxf3+ 20. Nxf3 Rc6
21. Ne5 Re6 22. Nxg6 Rxg6 23. Kh2 Qe4 24. f3 Qe6 25. e4 h5 26. exd5 Qe2 27. Rg1 f6 28. d6 h4 29. Rd2 Qe8 30. Rf2 Rg3
31. Re1 Qc6 32. Re4 Qxe4
0-1

[Event "aston294 tour"]
[Site "SchemingMind.com"]
[Date "2009.12.22"]
[Round "-"]
[White "Eden"]
[Black "tyler_ensor"]
[Result "0-1"]
[WhiteCountry "CZE"]
[BlackCountry "CAN"]
[WhiteElo "1478"]
[WhiteRD "77"]
[BlackElo "1782"]
[BlackRD "63"]
[GameID "231983"]

1. e4 d6 2. b3 Nf6 3. Bb2 e5 4. Nc3 Be7 5. h3 O-O 6. Nf3 Be6 7. d4 exd4 8. Nxd4 Nc6 9. Nxc6 bxc6 10. g4 d5
11. e5 Nd7 12. f4 Bh4+ 13. Kd2 Nc5 14. f5 Bc8 15. Qf3 Ne4+ 16. Kc1 Bg5+ 17. Kd1 Bb7 18. Bd3 Nc5 19. Ba3 Nxd3 20. Bxf8 Nxe5
21. Qe2 Qxf8 22. Qxe5 Bf6 23. Qg3 Qb4 24. Kd2 d4 25. Rae1 dxc3+ 26. Kc1 Rd8 27. Qxc7 Qa3+ 28. Kb1 Qb2#
0-1

[Event "aston294 tour"]
[Site "SchemingMind.com"]
[Date "2009.12.22"]
[Round "-"]
[White "tyler_ensor"]
[Black "Eden"]
[Result "0-1"]
[WhiteCountry "CAN"]
[BlackCountry "CZE"]
[WhiteElo "1775"]
[WhiteRD "62"]
[BlackElo "1549"]
[BlackRD "83"]
[GameID "231992"]

1. d4 f5 2. g3 Nf6 3. Bg2 h6 4. e4 fxe4 5. Bxe4 e6 6. Bg6+ Ke7 7. f4 c6 8. Nf3 Qa5+ 9. Bd2 Qb5 10. Bc3 Kd8
11. Nbd2 c5 12. Ne5 Kc7 13. Ndf3 h5 14. a4 Qa6 15. dxc5 Bxc5 16. Bd3 Qd6 17. Nf7 Qf8 18. Nxh8 Qxh8 19. Qe2 d6 20. Nd4 Bxd4
21. Bxd4 Nc6 22. Bxf6 gxf6 23. c3 e5 24. fxe5 Nxe5 25. O-O-O Bg4 26. Qd2 Bxd1 27. Rxd1 h4 28. Qf4 hxg3 29. hxg3 b6 30. Be2 Rf8
31. Qd4 Qh6+ 32. Kb1 Rd8 33. a5 Qg6+ 34. Ka1 Qxg3 35. axb6+ axb6 36. Rg1 Qh3 37. Qf4 Qh7 38. Qxf6 Ra8+
0-1

[Event "aston294 tour"]
[Site "SchemingMind.com"]
[Date "2010.01.05"]
[Round "-"]
[White "Matt Woodside"]
[Black "Lazaro"]
[Result "0-1"]
[WhiteCountry "USA"]
[BlackCountry "CUB"]
[WhiteElo "1303"]
[WhiteRD "91"]
[BlackElo "1767"]
[BlackRD "80"]
[GameID "233640"]

1. e4 c5 2. Nf3 d6 3. Bb5+ Bd7 4. Bxd7+ Qxd7 5. d4 cxd4 6. Nxd4 g6 7. Nc3 Bg7 8. Nb3 Bxc3+ 9. bxc3 Nf6 10. f3 Nc6
11. Bg5 O-O 12. Bxf6 exf6 13. Nd4 d5= 14. Rb1 dxe4 15. fxe4 Rfe8 16. Qd3 f5 17. O-O Nxd4 18. cxd4 Rxe4 19. c3 Rae8 20. Qb5 Qxb5
21. Rxb5 b6 22. Rd5 Re2 23. Rd7 Rxa2 24. c4 Ree2 25. Rd8+ Kg7 26. d5 Rxg2+
0-1

[Event "aston294 tour"]
[Site "SchemingMind.com"]
[Date "2010.01.05"]
[Round "-"]
[White "Lazaro"]
[Black "Matt Woodside"]
[Result "1-0"]
[WhiteCountry "CUB"]
[BlackCountry "USA"]
[WhiteElo "1604"]
[WhiteRD "97"]
[BlackElo "1288"]
[BlackRD "89"]
[GameID "233652"]

1. e4 e5 2. Nf3 Nc6 3. Bb5 f6 4. O-O Nd4 5. Nxd4 exd4 6. e5 fxe5 7. Qh5+ Ke7 8. Qxe5+ Kf7 9. Bc4+ Kg6 10. Qe4+ Kf6
11. Qxd4+ Ke7 12. Qe5#
1-0

[Event "aston294 tour"]
[Site "SchemingMind.com"]
[Date "2010.02.12"]
[Round "-"]
[White "mmccaffe"]
[Black "Keith Kelchner"]
[Result "1-0"]
[WhiteCountry "USA"]
[BlackCountry "USA"]
[WhiteElo "1802"]
[WhiteRD "66"]
[BlackElo "1442"]
[BlackRD "80"]
[GameID "238176"]

1. e4 e5 2. Nf3 d6 3. d4 Nf6 4. Nc3 Bd7 5. dxe5 dxe5 6. Nxe5 Bd6 7. Nxd7 Nfxd7 8. Bd3 Nc6 9. Be3 a6 10. Qg4 Bf8
11. O-O Nde5 12. Qe2 Nxd3 13. Qxd3 Qxd3 14. cxd3 O-O-O 15. d4 Nxd4 16. Bxd4 Rxd4 17. Rfd1 Rb4 18. b3 Bd6 19. f3 Be5 20. Rac1 Bd4+
21. Kf1 Be3 22. Rc2 Rd4 23. Rxd4 Bxd4 24. Nd5 c6 25. Ne7+ Kd7 26. Nf5 Be5 27. Rd2+ Kc7 28. g3 h5 29. f4 Bc3 30. Rd3 Bf6
31. e5 g6 32. Nd6
1-0

[Event "aston294 tour"]
[Site "SchemingMind.com"]
[Date "2010.02.12"]
[Round "-"]
[White "Keith Kelchner"]
[Black "mmccaffe"]
[Result "0-1"]
[WhiteCountry "USA"]
[BlackCountry "USA"]
[WhiteElo "1442"]
[WhiteRD "80"]
[BlackElo "1802"]
[BlackRD "66"]
[GameID "238178"]

1. e4 c5 2. Bc4 d6 3. Qf3 e6 4. Bb5+ Bd7 5. Nc3 Nc6 6. a3 Nf6 7. d3 Be7 8. Be3 a6 9. Bxc6 Bxc6 10. Qe2 O-O
11. Nf3 Qc7 12. h3 b5 13. b4 Bb7 14. O-O cxb4 15. axb4 Qxc3 16. Rab1 Rac8 17. Rfc1 d5 18. Rb3 Qc7 19. e5 Nd7 20. Bd4 Nb6
21. Be3 Na4 22. Bd2 Rfd8 23. d4 Nb6 24. Be3 Nc4 25. Bg5 h6 26. Bxe7 Qxe7 27. Nd2 f6 28. exf6 Qxf6 29. Nf3 Re8 30. Ne5 Nxe5
0-1

[Event "aston294 tour"]
[Site "SchemingMind.com"]
[Date "2010.02.15"]
[Round "-"]
[White "simon_w"]
[Black "NimbleKnight"]
[Result "1-0"]
[WhiteCountry "IRL"]
[BlackCountry "USA"]
[WhiteElo "1874"]
[WhiteRD "79"]
[BlackElo "1934"]
[BlackRD "116"]
[GameID "238518"]

1. e4 e6 2. d4 d5 3. Nd2 c5 4. exd5 Qxd5 5. Ngf3 cxd4 6. Bc4 Qd6 7. O-O Nf6 8. Nb3 Nc6 9. Nbxd4 Nxd4 10. Nxd4 a6
11. Re1 Qc7 12. Qe2 Bd6 13. Bg5 O-O 14. Bxf6 gxf6 15. Bd3 Bxh2+ 16. Kf1 Be5 17. Qh5 f5 18. c3 Bxd4 19. cxd4 f6 20. Rac1 Qf7
21. Qe2 b5 22. Qe3 Bd7 23. Qg3+ Kh8 24. Rc7 Rfc8 25. Rec1 Qe8 26. d5 Rxc7 27. Rxc7 Rc8 28. d6 Rxc7 29. dxc7 Qc8 30. Qd6 Kg7=
31. Be2 Qe8 32. Bf3 a5 33. Bb7 a4 34. Qc5 f4 35. c8=Q Bxc8 36. Bxc8 e5 37. Bf5 Qd8 38. Qc2 h6 39. f3 Qd4 40. Qc7+ Kf8
41. Qb8+ Kf7 42. Qxb5 Qd1+ 43. Kf2 Qd4+ 44. Ke1 Qe3+ 45. Qe2 Qg1+ 46. Kd2 Qd4+ 47. Kc1 Qc5+ 48. Bc2 Qg1+ 49. Bd1 Qc5+ 50. Kb1 Qg1
51. a3 Kg7 52. Ka2 Qa7 53. Qc4 Qg1 54. Bxa4 Qxg2 55. Qc7+ Kf8 56. Qd8+ Kg7 57. Qe7+ Kg8 58. Bb3+ Kh8 59. Qxf6+ Kh7 60. Qxe5 Kg6
61. Qxf4 Qf2 62. Be6 Qf1 63. Qf5+ Kg7 64. Qf7+ Kh8 65. Qg8#
1-0

[Event "aston294 tour"]
[Site "SchemingMind.com"]
[Date "2010.02.15"]
[Round "-"]
[White "NimbleKnight"]
[Black "simon_w"]
[Result "1-0"]
[WhiteCountry "USA"]
[BlackCountry "IRL"]
[WhiteElo "1962"]
[WhiteRD "114"]
[BlackElo "1916"]
[BlackRD "75"]
[GameID "238524"]

1. e4 c5 2. Nf3 d6 3. d4 cxd4 4. Nxd4 Nf6 5. Nc3 a6 6. Bg5 e6 7. f4 Be7 8. Qf3 Qc7 9. O-O-O Nbd7 10. g4 b5
11. Bxf6 Nxf6 12. g5 Nd7 13. f5 Nc5 14. f6 gxf6 15. gxf6 Bf8 16. Rg1 h5 17. Rg7 b4 18. Nd5 exd5 19. exd5 Bg4 20. Re1+ Kd8
21. Qf4 Bh3 22. Nc6+
1-0

[Event "aston294 tour"]
[Site "SchemingMind.com"]
[Date "2010.03.08"]
[Round "-"]
[White "magier72"]
[Black "leroyvance"]
[Result "0-1"]
[WhiteCountry "GER"]
[BlackCountry "USA"]
[WhiteElo "1840"]
[WhiteRD "134"]
[BlackElo "1718"]
[BlackRD "109"]
[GameID "240783"]

1. d4 d5 2. e4 c6 3. Nc3 dxe4 4. Nxe4 Nf6 5. Nxf6+ exf6 6. Bc4 Be6 7. Bxe6 fxe6 8. Qh5+ Ke7 9. Ne2 Qd5 10. Qxd5 cxd5
11. f4 Nc6 12. c3 Kd7 13. O-O Be7 14. Be3 f5 15. g3 h6 16. Rf2 g6 17. Kg2 Rag8 18. h3 g5 19. Kh1 g4 20. h4 b5
21. b4 a5 22. a4 Rb8 23. Nc1 axb4 24. cxb4 Bxb4 25. Rc2 Ra8 26. axb5 Rxa1 27. bxc6+ Kc7 28. Kg2 Rb8 29. Kf2 Ba3 30. Nd3 Rb6
31. Bd2 Rxc6 32. Ba5+ Kb7 33. Re2 Rd1 34. Ke3 Rc4 35. Be1 Bc1+ 36. Nxc1 Rdxc1 37. Kd3 Rb1 38. Bc3 Rd1+ 39. Bd2 Rc6 40. Re3 Rb1
41. Bc3 Kb6 42. Kc2 Rb4 43. Kd3 Rb3 44. Kc2 Rbxc3+ 45. Rxc3 Rxc3+ 46. Kxc3 Kb5
0-1

[Event "aston294 tour"]
[Site "SchemingMind.com"]
[Date "2010.03.08"]
[Round "-"]
[White "leroyvance"]
[Black "magier72"]
[Result "0-1"]
[WhiteCountry "USA"]
[BlackCountry "GER"]
[WhiteElo "1718"]
[WhiteRD "109"]
[BlackElo "1840"]
[BlackRD "134"]
[GameID "240786"]

1. e4 c5 2. Nc3 Nc6 3. Bb5 d6 4. f4 Bd7 5. Bxc6 Bxc6 6. d3 Nf6 7. Nf3 g6 8. f5 Bg7 9. h3 Qc7 10. Bf4 Nh5
11. Bh2 O-O-O 12. Qe2 Kb8 13. O-O-O Nf6 14. e5 Nd5 15. Nxd5 Bxd5 16. c4 Bc6 17. b3 Qa5 18. Kc2 Qxa2+ 19. Kc3 Qxe2 20. Rd2 Qxg2
21. Rxg2 Bxf3 22. Rgg1 Bxh1 23. Rxh1 Bxe5+ 24. Bxe5 dxe5 25. Re1 f6 26. Re4 Rd4 27. Rg4 Rhd8 28. Rg3 gxf5 29. Rf3 e4 30. dxe4 fxe4
31. Rf5 Rd3+ 32. Kc2 e3
0-1

[Event "aston294 tour"]
[Site "SchemingMind.com"]
[Date "2010.07.17"]
[Round "-"]
[White "tyler_ensor"]
[Black "Carl Lenox"]
[Result "1-0"]
[WhiteCountry "CAN"]
[BlackCountry "CAN"]
[WhiteElo "1871"]
[WhiteRD "68"]
[BlackElo "1365"]
[BlackRD "79"]
[GameID "254502"]

1. d4 Nf6 2. c4 g6 3. Nc3 Bg7 4. e4 d6 5. f3 O-O 6. Be3 Nc6 7. Qd2 a6 8. Nge2 Rb8 9. Ng3 Re8 10. Be2 b5
11. cxb5 Nb4 12. bxa6 Bxa6 13. Bxa6 Nxa6 14. O-O Qd7 15. d5 c5 16. dxc6 Qxc6 17. a3 e5 18. Rfc1 Nc5 19. Nd5 Rbc8 20. Nxf6+ Bxf6
21. b4 Qa4 22. bxc5 Qc6 23. cxd6 Qd7 24. Rxc8 Rxc8 25. a4 Rc6 26. Rd1 Ra6 27. a5 Bd8 28. Bg5 Bxa5 29. Qd5 Bd8 30. Bxd8 Qxd8
31. Qxe5 Ra2 32. d7 Qb6+ 33. Kh1 h6 34. d8=Q+
1-0

[Event "aston294 tour"]
[Site "SchemingMind.com"]
[Date "2010.07.17"]
[Round "-"]
[White "Carl Lenox"]
[Black "tyler_ensor"]
[Result "0-1"]
[WhiteCountry "CAN"]
[BlackCountry "CAN"]
[WhiteElo "1321"]
[WhiteRD "70"]
[BlackElo "1847"]
[BlackRD "68"]
[GameID "254507"]

1. e4 c5 2. Nf3 d6 3. d4 cxd4 4. Nxd4 Nf6 5. Nc3 g6 6. Be3 Bg7 7. f3 a6 8. Qd2 h5 9. O-O-O Nbd7 10. Kb1 b5
11. Be2 Bb7 12. h3 Rc8 13. g4 Ne5 14. f4 Nc4 15. Qc1 Nxe4 16. g5 Nxc3+ 17. bxc3 Bxh1 18. Rxh1 Qa5 19. Qe1 Nxe3 20. Bf3 Bxd4
21. cxd4 Qxe1+ 22. Rxe1 Nxc2 23. Rc1 Na3+ 24. Kb2 Rxc1 25. Kxc1 Kd7 26. Bd5 Rc8+ 27. Kb2 Nc4+ 28. Kb3 e6 29. Bb7 Na5+ 30. Kb2 Nxb7
0-1

[Event "aston294 tour"]
[Site "SchemingMind.com"]
[Date "2011.01.06"]
[Round "-"]
[White "spoke"]
[Black "NimbleKnight"]
[Result "1-0"]
[WhiteCountry "GER"]
[BlackCountry "USA"]
[WhiteElo "1756"]
[WhiteRD "66"]
[BlackElo "1942"]
[BlackRD "114"]
[GameID "271987"]

1. e4 Nc6 2. Nf3 Nf6 3. Nc3 d5 4. exd5 Nxd5 5. Nxd5 Qxd5 6. d4 Bg4 7. c3 e5 8. Be2 O-O-O 9. O-O exd4 10. cxd4 Nxd4
11. Qxd4 Qxd4 12. Nxd4 Bxe2 13. Nxe2 Be7 14. Bf4 Bf6 15. Rac1 Rd7 16. Rc2 Re8 17. Be3 b6 18. Nc3 a6 19. g3 Kb7 20. Rd1 Rxd1+
21. Nxd1 Re7 22. Nc3 Rd7 23. Rd2 Rxd2 24. Bxd2 Bxc3 25. Bxc3 g6 26. f4 h5 27. Kf2 Kc8 28. Ke3 Kd7 29. Ke4 Ke6 30. Be5 c5
31. Bc7 b5 32. Bb6 f5+ 33. Kd3 Kd5 34. a3 Kc6 35. Ba7 Kd5 36. b3 Ke6 37. Bxc5 Kd5 38. b4 a5 39. Bb6 axb4 40. axb4 Kc6
41. Bd8 Kd5 42. Bg5 Kc6 43. Kd4 Kd6 44. h4 Kc6 45. Ke5 Kd7 46. Kf6 Kd6 47. Kxg6
1-0

[Event "aston294 tour"]
[Site "SchemingMind.com"]
[Date "2011.01.06"]
[Round "-"]
[White "NimbleKnight"]
[Black "spoke"]
[Result "1-0"]
[WhiteCountry "USA"]
[BlackCountry "GER"]
[WhiteElo "1915"]
[WhiteRD "110"]
[BlackElo "1752"]
[BlackRD "66"]
[GameID "271991"]

1. e4 e5 2. Nf3 Nc6 3. Bb5 Bb4 4. O-O Nge7 5. c3 Ba5 6. b4 Bb6 7. Bxc6 Nxc6 8. b5 Na5 9. Nxe5 O-O 10. d4 d6
11. Nf3 Bg4 12. h3 Bh5 13. Bf4 c6 14. bxc6 Nxc6 15. Nbd2 d5 16. exd5 Qxd5 17. Re1 Rfe8 18. g4 Bg6 19. Ne5 Nxe5 20. Rxe5 Rxe5
21. Bxe5 Rc8 22. c4 Qe6 23. Qf3 Qd7 24. d5 f6 25. Bg3 Bc5 26. Nf1 Re8 27. Bf4 Be4 28. Qc3 b5 29. Rd1 b4 30. Qd2 a5
31. Be3 Bf3 32. Bxc5 Bxd1 33. Qxd1 Re4 34. Ne3
1-0

[Event "aston294 tour"]
[Site "SchemingMind.com"]
[Date "2011.03.10"]
[Round "-"]
[White "magier72"]
[Black "tyler_ensor"]
[Result "1-0"]
[WhiteCountry "GER"]
[BlackCountry "CAN"]
[WhiteElo "1959"]
[WhiteRD "145"]
[BlackElo "1752"]
[BlackRD "57"]
[GameID "278042"]

1. d4 d5 2. e4 dxe4 3. Nc3 c6 4. Nxe4 Bf5 5. Ng3 Bg6 6. Nf3 Nd7 7. h4 h6 8. h5 Bh7 9. Bd3 Bxd3 10. Qxd3 Qc7
11. Rh4 e6 12. Bf4 Bd6 13. Bxd6 Qxd6 14. Ne4 Qe7 15. Qa3 Qxa3 16. bxa3 Ke7 17. Rb1 Rb8 18. Rb3 Ngf6 19. Nxf6 Nxf6 20. Rd3 Nd7
21. Ne5 Nxe5 22. dxe5 Rbd8 23. Rhd4 Rxd4 24. Rxd4 Rd8 25. Rxd8= Kxd8 26. Kd2 Kc7 27. f4 Kb6 28. a4 Kc5 29. Kc3
1-0

[Event "aston294 tour"]
[Site "SchemingMind.com"]
[Date "2011.03.10"]
[Round "-"]
[White "tyler_ensor"]
[Black "magier72"]
[Result "0-1"]
[WhiteCountry "CAN"]
[BlackCountry "GER"]
[WhiteElo "1858"]
[WhiteRD "63"]
[BlackElo "1911"]
[BlackRD "154"]
[GameID "278048"]

1. e4 c5 2. a4 Nc6 3. Bb5 Nf6 4. Nc3 Nd4 5. e5 a6 6. Bd3 Ng8 7. f4 d6 8. Nf3 Bg4 9. Be4 e6 10. exd6 Bxd6
11. Bxb7 Ra7 12. h3 Bh5 13. g4 Rxb7 14. gxh5 Qc7 15. d3 Nh6 16. Ne4 Bxf4 17. Nxc5 Bxc1 18. Nxb7 Qg3+ 19. Kf1 Be3
0-1

[Event "aston294 tour"]
[Site "SchemingMind.com"]
[Date "2011.05.11"]
[Round "-"]
[White "mmccaffe"]
[Black "NimbleKnight"]
[Result "0-1"]
[WhiteCountry "USA"]
[BlackCountry "USA"]
[WhiteElo "1643"]
[WhiteRD "68"]
[BlackElo "1960"]
[BlackRD "96"]
[GameID "283646"]

1. e4 e6 2. d4 d5 3. Nd2 c5 4. exd5 Qxd5 5. Bc4 Qxd4 6. Ngf3 Qd6 7. O-O Nf6 8. Nb3 Qxd1 9. Rxd1 Nc6 10. Be3 b6
11. Bb5 Bb7 12. Ne5 Rc8 13. Bg5 a6 14. Nxc6 axb5 15. Na7 Rc7 16. Nxb5 Rd7 17. Rxd7 Kxd7 18. Rd1+ Kc8 19. Nd6+ Bxd6 20. Rxd6 Kc7
21. Rd1 Nd5 22. a3 f6 23. Bh4 e5 24. Bg3 Rd8 25. c4 Ne7 26. Rxd8= Kxd8 27. f3 Ba6 28. Nd2 Kd7 29. b3 Nc6 30. f4 Ke6
31. Nf3 e4 32. Nd2 Kf5 33. Kf2 Nd4 34. a4 Bb7 35. Ke3 Nc2+ 36. Ke2 Bc6 37. h3 Be8 38. Bh2 h5 39. h4 Bc6 40. Bg3 Nd4+
41. Ke3 Kg4 42. Bf2 Nc2+ 43. Ke2 Kxf4 44. g3+ Ke5 45. Nf1 Nd4+ 46. Kd2 Nxb3+ 47. Kc3 Bxa4 48. Nd2 Nxd2 49. Kxd2 Bd7 50. Ke2 Be6
0-1

[Event "aston294 tour"]
[Site "SchemingMind.com"]
[Date "2011.05.12"]
[Round "-"]
[White "NimbleKnight"]
[Black "mmccaffe"]
[Result "0-1"]
[WhiteCountry "USA"]
[BlackCountry "USA"]
[WhiteElo "1834"]
[WhiteRD "109"]
[BlackElo "1631"]
[BlackRD "53"]
[GameID "283650"]

1. e4 c5 2. Nf3 d6 3. d4 cxd4 4. Nxd4 Nf6 5. Nc3 a6 6. Bg5 e6 7. f4 Be7 8. Qf3 O-O 9. O-O-O Nbd7 10. g4 Qc7
11. Bxf6 Nxf6 12. g5 Nd7 13. h4 b5 14. a3 Bb7 15. Bd3 Nc5 16. Rdg1 Nxd3+ 17. cxd3 d5 18. h5 Bxa3 19. Kb1 Bc5 20. Nde2 Bxg1
21. Rxg1 Rac8 22. g6 b4 23. gxh7+ Kxh7 24. Na2 Qc2+ 25. Ka1 b3 26. Rc1 Qd2 27. Nac3 dxe4 28. dxe4 Qd8 29. Qe3 Qa5+ 30. Kb1 Rc4
31. Ng3 Rd8 32. Qe2 Ra4 33. Nxa4 Qxa4 34. Rc7 Qa2+
0-1

[Event "aston294 tour"]
[Site "SchemingMind.com"]
[Date "2012.05.04"]
[Round "-"]
[White "mmccaffe"]
[Black "magier72"]
[Result "1/2-1/2"]
[WhiteCountry "USA"]
[BlackCountry "GER"]
[WhiteElo "1622"]
[WhiteRD "59"]
[BlackElo "1930"]
[BlackRD "165"]
[GameID "309797"]

1. e4 c5 2. Nf3 Nc6 3. d4 cxd4 4. Nxd4 g6 5. c4 Nf6 6. Nc3 d6 7. f3 Bg7 8. Be3 O-O 9. Qd2 a6 10. Be2 Bd7
11. O-O Rc8 12. Rfd1 Ne5 13. b3 Qc7 14. Nd5 Qd8 15. Nc2 b5 16. Bb6 Qe8 17. Nc7 Qd8 18. Nd5 Qe8 19. Nc7 Qd8 20. Nd5=
1/2-1/2

[Event "aston294 tour"]
[Site "SchemingMind.com"]
[Date "2012.05.04"]
[Round "-"]
[White "magier72"]
[Black "mmccaffe"]
[Result "1-0"]
[WhiteCountry "GER"]
[BlackCountry "USA"]
[WhiteElo "1930"]
[WhiteRD "165"]
[BlackElo "1622"]
[BlackRD "59"]
[GameID "309798"]

1. c4 Nf6 2. d4 g6 3. Nc3 Bg7 4. e4 d6 5. Nf3 O-O 6. Be2 e5 7. O-O Nc6 8. d5 Ne7 9. Ne1 Ne8 10. Be3 f5
11. f3 f4 12. Bf2 g5 13. c5 Ng6 14. Rc1 Nf6 15. cxd6 cxd6 16. Nb5 Rf7 17. Nxa7 Bd7 18. Qb3 g4 19. Bb6 Qe7 20. Rc7 g3
21. Bb5 gxh2+ 22. Kh1 Nh5 23. Bf2 Rxa7 24. Rxd7 Qg5 25. Rxf7 Kxf7 26. Bxa7 Qh4 27. Bf2
1-0